| 000 | 00739nam a2200253 i 4500 | ||
|---|---|---|---|
| 001 | C2-0179644 | ||
| 003 | PPAK | ||
| 005 | 20180728095039.0 | ||
| 008 | 981020s1966 ii |||| ||||| | eng d | ||
| 040 |
_aPPAK _beng _cPPAK _erda |
||
| 082 | 0 | 4 |
_a930 _2 23 |
| 090 | 0 | 0 |
_a930 _bCLY _dKWI |
| 100 | 1 |
_aClyde, Paul.H, _eauthor |
|
| 245 | 1 | 2 | _aA history the far east of the western impact and the eastern response (1830-1955) |
| 250 | _aFourth Edition | ||
| 264 | 1 |
_aNew Delhi : _bPrentice-Hall of India (Private) LTD , _c1966 |
|
| 300 |
_axvii, 509 pages ; _c25 cm |
||
| 336 |
_2rdacontent _atext |
||
| 337 |
_2rdamedia _aunmediated |
||
| 338 |
_2rdacarrier _avolume |
||
| 650 | 1 | 0 | _aHistory,Modern |
| 700 | _eauthor | ||
| 942 |
_ddc _cB |
||
| 999 |
_c155757 _d155757 |
||